[Event "Tourn. n10182"]
[Site "www.echecsemail.com"]
[Date "2019.10.16"]
[Round "1"]
[White "Churrasca"]
[Black "Ditto"]
[WhiteElo "1980"]
[BlackElo "1870"]
[Result "1-0"]
[Round "1"]
1.e4 e5
2.Ng1f3 Nb8c6
3.Bf1c4 Ng8f6
4.d3 Bf8c5
5.O-O d6
6.h3 Qd8e7
7.c3 a6
8.b4 Bc5a7
9.Nb1d2 b5
10.Bc4b3 Nf6h5
11.Nf3xe5 Qe7xe5
12.d4 Qe5g5
13.Nd2f3 Qg5e7
14.Nf3g5 Nh5f6
15.Bb3xf7 Kd8
16.Bf7b3 Bc8b7
17.Ng5f7 Kd7
18.Nf7xh8 Ra8xh8
19.Rf1e1 Rh8f8
20.e5 Kc8
21.exf6 Qe7xf6
22.Bc1e3 Qf6g6
23.Bb3c2 Qg6f7
24.a4 Qf7d5
25.Qd1g4 Kb8
26.Bc2e4 Qd5g8
27.axb5 axb5
28.Be4xc6 Bb7xc6
29.Ra1xa7 Kxa7
30.d5 Kb7
31.dxc6 Kxc6
32.Be3d4 g6
33.Qg4e4 Kd7
34.Qe4e7 Kc8
35.Re1a1 Kb7
36.Ra1a7 Kc6
37.Qe7xc7 Kd5
38.Qc7b7 Kc4
39.Qb7c6 Kb3
40.Qc6xb5 Qg8e6
41.Qb5a4 Kc4
42.Qa4a2 { resign }
1-0

[Event "Tourn. n10206"]
[Site "www.echecsemail.com"]
[Date "2019.10.16"]
[Round "1"]
[White "Sorim"]
[Black "Apdash"]
[WhiteElo "2250"]
[BlackElo "2190"]
[Result "1-0"]
[Round "1"]
1.d4 Ng8f6
2.c4 d5
3.Ng1f3 c6
4.e3 Bc8g4
5.h3 Bg4xf3
6.Qd1xf3 e6
7.Nb1c3 dxc4
8.Bf1xc4 Bf8d6
9.O-O Nb8d7
10.Rf1d1 O-O
11.e4 e5
12.Bc1g5 exd4
13.Rd1xd4 Qd8c7
14.Ra1d1 Bd6e5
15.Rd4d3 b5
16.Bc4b3 b4
17.Nc3a4 h6
18.Bg5h4 c5
19.Qf3f5 Kh8
20.Rd3xd7 Nf6xd7
21.Rd1xd7 Qc7b8
22.Na4xc5 g6
23.Bh4f6 Kh7
24.Qf5xe5 Qb8xe5
25.Bf6xe5 Kg8
26.Rd7d6 Kh7
27.Nc5d7 Rf8d8
28.Bb3xf7 g5
29.Be5f6 Rd8c8
30.Nd7e5 Rc8c7
31.Bf7c4 Ra8e8
32.Rd6e6 Re8f8
33.b3 { resign }
1-0

[Event "1/64 Finale"]
[Site "www.chess-mail.com"]
[Date "2019.10.16"]
[Round "1"]
[White "Passaroa25"]
[Black "Bevittsmith"]
[WhiteElo "1730"]
[BlackElo "2270"]
[Result "0-1"]
[Round "1"]
1.Nb1c3 d5
2.d4 Ng8f6
3.f3 Bc8f5
4.e3 Nb8d7
5.Ng1e2 e6
6.Ne2g3 Bf5g6
7.Bf1d3 c5
8.O-O c4
9.Bd3e2 a6
10.Bc1d2 Bf8d6
11.Qd1b1 Qd8c7
12.Be2d1 h5
13.Bd1e2 h4
14.Ng3h1 Bd6xh2
15.Kf2 Bh2g3
16.Nh1xg3 Qc7xg3
17.Kg1 h3
18.Bd2e1 Qg3xg2

0-1

[Event "Tourn. n10236"]
[Site "www.echecsemail.com"]
[Date "2019.10.17"]
[Round "1"]
[White "Fantomas"]
[Black "Apdash"]
[WhiteElo "2210"]
[BlackElo "2150"]
[Result "1-0"]
[Round "1"]
1.e4 e5
2.Ng1f3 Nb8c6
3.d4 exd4
4.Nf3xd4 Nc6xd4
5.Qd1xd4 d6
6.Bf1c4 c6
7.O-O Ng8f6
8.Nb1c3 b5
9.Bc4e2 Bf8e7
10.Bc1f4 a6
11.Ra1d1 c5
12.Qd4e3 O-O
13.Nc3d5 Nf6xd5
14.exd5 Be7f6
15.b3 Bf6d4
16.Qe3g3 Bc8f5
17.Be2d3 Bf5xd3
18.Rd1xd3 Rf8e8
19.Bf4xd6 Qd8f6
20.c3 Ra8d8
21.cxd4 Rd8xd6
22.dxc5 Rd6d8
23.b4 Re8e2
24.a3 Rd8e8
25.h3 Re2b2
26.Rd3e3 Re8c8
27.d6 Qf6f5
28.Re3f3 Qf5d5
29.Rf1e1 a5
30.Qg3g4 Rc8d8
31.Rf3e3 axb4
32.Re3e8 { resign }
1-0

[Event "Tourn. n10219"]
[Site "www.echecsemail.com"]
[Date "2019.10.17"]
[Round "1"]
[White "Galiany17"]
[Black "D4minance"]
[WhiteElo "2490"]
[BlackElo "2850"]
[Result "0-1"]
[Round "1"]
1.d4 Ng8f6
2.c4 g6
3.Nb1c3 d5
4.Ng1f3 Bf8g7
5.Bc1g5 Nf6e4
6.Bg5h4 Ne4xc3
7.bxc3 dxc4
8.Qd1a4 Qd8d7
9.Qa4xc4 b6
10.e3 Bc8a6
11.Qc4b3 Ba6xf1
12.Kxf1 O-O
13.Ke2 Nb8c6
14.Rh1d1 Nc6a5
15.Qb3b4 e6
16.Ra1c1 Rf8c8
17.Bh4g3 Bg7f8
18.Nf3e5 Qd7e8
19.Qb4b2 f6
20.Ne5d3 Na5c4
21.Qb2b3 b5
22.a4 c6
23.Kf1 a6
24.Rc1a1 Nc4b6
25.a5 Nb6c4
26.Qb3a2 Ra8a7
27.Qa2e2 c5
28.Kg1 Qe8c6
29.h4 Rc8e8
30.h5 e5
31.dxe5 fxe5
32.e4 Ra7g7
33.Nd3e1 gxh5
34.Ne1f3 Qc6e6
35.Nf3h4 Nc4d6
36.Rd1d5 Qe6g4
37.Qe2a2 c4
38.Rd5xd6 Bf8xd6
39.Nh4f5 Rg7g6
40.Qa2d2 Bd6e7
41.Nf5h6 Rg6xh6
42.Qd2xh6 Qg4g6
43.Qh6e3 Be7g5
44.Qe3e2 h4
45.Bg3h2 Bg5d8
46.Qe2e3 Re8e7
47.Kh1 Re7g7
48.Qe3f3 Bd8c7
49.Ra1d1 Qg6g4
50.Rd1d5 Qg4xf3
51.gxf3 Rg7e7
52.Kg2 Bc7xa5
53.Bh2xe5 Re7xe5
54.Rd5xe5 Ba5xc3
55.Re5c5 Bc3d4
56.Rc5d5 Bd4b2
57.f4 c3
58.Rd5c5 b4
{ resign }
0-1

[Event "Tourn. n10193"]
[Site "www.echecsemail.com"]
[Date "2019.10.17"]
[Round "1"]
[White "Amaya"]
[Black "Tonino1"]
[WhiteElo "2060"]
[BlackElo "2170"]
[Result "1/2-1/2"]
[Round "1"]
1.d4 d6
2.f4 Ng8f6
3.e3 c6
4.Bf1d3 g6
5.Ng1f3 Bf8g7
6.Nb1d2 d5
7.O-O O-O
8.c3 Qd8c7
9.Nf3e5 Nb8d7
10.a3 e6
11.Qd1f3 c5
12.g4 Nd7xe5
13.dxe5 Nf6d7
14.g5 c4
15.Bd3c2 b6
16.e4 Bc8b7
17.exd5 Bb7xd5
18.Bc2e4 Qc7c5
19.Rf1f2 Rf8d8
20.Nd2f1 Bd5xe4
21.Qf3xe4 Nd7f8
22.Bc1e3 Qc5d5
23.Qe4c2 Qd5d3
24.Qc2a4 Qd3e4
25.Ra1e1 Rd8d5
26.Nf1g3 Qe4d3
27.Rf2d2 Qd3xd2
28.Be3xd2 Rd5xd2
29.Re1e2 Rd2xe2
30.Ng3xe2 h6
31.gxh6 Bg7xh6
32.Qa4xc4 Ra8d8
33.Ne2d4 Bh6xf4
34.Nd4c6 Rd8d1
35.Kf2 Rd1d2
36.Kf3 Bf4h6
37.h4 a5
38.Nc6d4 Nf8d7
39.Qc4c8 Nd7f8
40.Ke4 Rd2f2
41.Nd4f3 Rf2xb2
42.Nf3g5 Bh6xg5
43.hxg5 Rb2e2
44.Kf4 Re2f2
45.Ke4 Rf2e2
{ draw }
1/2-1/2

[Event "Tourn. n10179"]
[Site "www.echecsemail.com"]
[Date "2019.10.17"]
[Round "1"]
[White "Lakeknight"]
[Black "Galiany17"]
[WhiteElo "2339"]
[BlackElo "2259"]
[Result "0-1"]
[Round "1"]
1.e4 e6
2.d4 d5
3.exd5 exd5
4.Ng1f3 Ng8f6
5.Bf1d3 Bf8e7
6.O-O O-O
7.Rf1e1 c5
8.c3 Nb8c6
9.Bc1g5 cxd4
10.cxd4 h6
11.Bg5e3 Nc6b4
12.a3 Nb4xd3
13.Qd1xd3 Nf6e4
14.Nb1d2 Bc8f5
15.Qd3b3 Bf5e6
16.Nf3e5 Ra8b8
17.Ra1c1 Be7f6
18.Nd2f3 Qd8e7
19.h3 g5
20.Qb3a4 a6
21.Qa4a5 Rf8c8
22.Qa5b6 Rc8xc1
23.Re1xc1 Qe7d8
24.Qb6xd8 Bf6xd8
25.Kf1 Rb8c8
26.Rc1xc8 Be6xc8
27.Nf3e1 Bd8b6
28.Ne1c2 f5
29.f3 Ne4g3
30.Ke1 f4
31.Be3f2 Ng3f5
32.Kd2 Kg7
33.Ne5d3 Kf6
34.Kc3 Bb6c7
35.Kd2 a5
36.b3 b6
37.Kc3 Bc8d7
38.Kd2 Bc7d6
39.Kc3 h5
40.Kd2 a4
41.b4 Ke6
42.Kc3 Bd7b5
43.Nc2e1 h4
44.Ne1c2 Bb5c4
45.Nd3b2 Bc4f1
46.Nc2e1 b5
47.Nb2d3 Bd6c7
48.Nd3c5 Ke7
49.Nc5d3 Nf5e3
50.Bf2xe3 fxe3
51.Kc2 Bc7g3
52.Kd1 Kf6
53.Nd3c1 Bg3xe1
54.Kxe1 Bf1xg2
55.Ke2 Bg2xh3
56.Nc1d3 Bh3f5
57.Nd3e1 h3
58.Kf1 g4
59.fxg4 Bf5xg4
60.Ne1c2 e2
61.Kf2 Kf5
62.Nc2e3 Kf4
63.Ne3xd5 Kg5
64.Nd5c3 h2
65.Nc3e4 Kh4
{ resign }
0-1

[Event "Tourn. n10170"]
[Site "www.echecsemail.com"]
[Date "2019.10.17"]
[Round "1"]
[White "Jerome"]
[Black "Tartan"]
[WhiteElo "2420"]
[BlackElo "2500"]
[Result "1-0"]
[Round "1"]
1.e4 c5
2.Ng1f3 Nb8c6
3.d4 cxd4
4.Nf3xd4 g6
5.c4 Ng8f6
6.Nb1c3 d6
7.Bf1e2 Nc6xd4
8.Qd1xd4 Bf8g7
9.Bc1e3 O-O
10.Qd4d2 Bc8e6
11.O-O Qd8a5
12.b3 Nf6g4
13.Be3d4 Bg7xd4
14.Qd2xd4 Ng4e5
15.f4 Ne5c6
16.Qd4d2 Ra8c8
17.Ra1d1 f6
18.h4 Qa5b6
19.Kh1 Qb6a5
20.g4 Kh8
21.Qd2b2 Qa5c7
22.Kg2 Kg7
23.g5 Rc8d8
24.h5 Qc7d7
25.Rd1d3 { resign }
1-0

[Event "Match"]
[Site "www.echecsemail.com"]
[Date "2019.10.17"]
[Round "1"]
[White "Liencam2"]
[Black "Picifarkinca"]
[WhiteElo "2180"]
[BlackElo "1570"]
[Result "1-0"]
[Round "1"]
1.e4 e6
2.d4 d5
3.Nb1d2 c5
4.Ng1f3 Nb8c6
5.exd5 exd5
6.Bf1b5 Qd8b6
7.Qd1e2 Bc8e6
8.dxc5 Bf8xc5
9.O-O Ng8e7
10.Nd2b3 Bc5d6
11.Bc1e3 Qb6c7
12.Nb3d4 O-O
13.Nf3g5 Bd6xh2
14.Kh1 Bh2f4
15.Ng5xe6 fxe6
16.Nd4xe6 Rf8f6
17.Be3xf4 Rf6xf4
18.Ne6xc7 { resign }
1-0

[Event "Tourn. n10167"]
[Site "www.echecsemail.com"]
[Date "2019.10.17"]
[Round "1"]
[White "Libiesse"]
[Black "Iko"]
[WhiteElo "1890"]
[BlackElo "1830"]
[Result "1-0"]
[Round "1"]
1.d4 d5
2.Ng1f3 Nb8c6
3.c4 Bc8e6
4.cxd5 Qd8xd5
5.Nb1c3 Qd5c4
6.e3 Qc4b4
7.Qd1c2 Be6d5
8.e4 Bd5c4
9.Bc1e3 O-O-O
10.a3 Qb4b3
11.Qc2xb3 Bc4xb3
12.d5 Nc6a5
13.Be3f4 Na5c4
14.Bf1xc4 Bb3xc4
15.Nf3e5 Ng8h6
16.Bf4xh6 gxh6
17.Ne5xc4 Rh8g8
18.O-O a6
19.f4 b5
20.Nc4a5 Rd8d6
21.e5 Rd6g6
22.g3 h5
23.Nc3e4 f5
24.Ne4c5 h4
25.Rf1f3 hxg3
26.hxg3 Rg6xg3
27.Rf3xg3 Rg8xg3
28.Kf2 Rg3g6
29.Ra1g1 e6
30.Nc5xe6 Rg6g8
31.Rg1xg8 Kd7
32.Rg8xf8 h5
33.Rf8d8 Ke7
34.Na5c6 Kf7
35.Rd8d7 Ke8
36.Rd7xc7 h4
37.Ne6g7 Kf8
38.Ng7xf5 h3
39.Nc6b8 h2
40.Kg2 h1Q
41.Kxh1 Ke8
42.Nb8c6 Kf8
43.Kg2 Ke8
44.Rc7a7 Kf8
45.Kf3 a5
46.b3 a4
47.b4 Ke8
48.Ke4 Kf8
49.Kd4 Ke8
50.Kc5 Kf8
51.Kxb5 Ke8
52.Kxa4 Kf8
53.Kb5 Ke8
54.Kc5 Kf8
55.Kd6 Ke8
56.Ke6 Kf8
57.Kf6 Ke8
58.Nf5h6 Kf8
59.Ra7a8 
1-0

[Event "Match"]
[Site "www.echecsemail.com"]
[Date "2019.10.17"]
[Round "1"]
[White "Cal"]
[Black "Sonny1000"]
[WhiteElo "1820"]
[BlackElo "1530"]
[Result "1-0"]
[Round "1"]
1.c4 e5
2.e4 Ng8f6
3.d3 c5
4.Nb1c3 Qd8a5
5.Bc1d2 Qa5b6
6.b3 Qb6a5
7.Nc3d5 Qa5d8
8.h3 Nf6xd5
9.cxd5 Bf8d6
10.a4 Nb8a6
11.Ng1f3 h6
12.Bf1e2 Qd8b6
13.a5 Qb6d8
14.O-O g5
15.Nf3h2 h5
16.Be2xh5 Qd8f6
17.Qd1g4 Rh8g8
18.Nh2f3 Qf6g7
19.Nf3xg5 Na6c7
20.Bh5xf7 Ke7
21.Qg4h4 Rg8h8
22.Qh4g4 Qg7h6
23.Kh2 Nc7b5
24.f4 Qh6h4
25.Qg4f5 exf4
26.e5 Qh4g3
27.Kh1 Kf8
28.Bd2xf4 Qg3h4
29.Bf7h5 Kg7
30.Qf5f7 Kh6
31.Qf7g6 { resign }
1-0

[Event "Tourn. n10134"]
[Site "www.echecsemail.com"]
[Date "2019.10.17"]
[Round "1"]
[White "Pdebonis"]
[Black "Szustan"]
[WhiteElo "2720"]
[BlackElo "2590"]
[Result "1/2-1/2"]
[Round "1"]
1.e4 e5
2.Ng1f3 Nb8c6
3.Bf1b5 a6
4.Bb5a4 Ng8f6
5.O-O Nf6xe4
6.d4 b5
7.Ba4b3 d5
8.dxe5 Bc8e6
9.c3 Ne4c5
10.Bb3c2 Be6g4
11.Rf1e1 Bf8e7
12.b4 Nc5e6
13.a4 Ra8b8
14.Nb1a3 Qd8d7
15.Qd1d3 Bg4h5
16.Re1d1 Bh5xf3
17.Qd3xf3 Nc6xe5
18.Qf3xd5 Qd7xd5
19.Rd1xd5 Be7f6
20.axb5 axb5
21.Rd5xb5 O-O
22.Rb5xb8 Rf8xb8
23.Ra1a2 Rb8d8
24.f3 h5
25.Bc1e3 g5
26.Bc2b3 g4
27.fxg4 Ne5xg4
28.Be3d2 Ne6g5
29.Bd2e1 Ng5e4
30.Na3b5 c6
31.Ra2e2 cxb5
32.Re2xe4 Kg7
33.h3 Ng4e5
34.Re4e3 h4
35.Re3e4 Rd8c8
36.Re4d4 Ne5g6
37.Rd4d7 Ng6e5
38.Rd7d5 Rc8a8
39.Kf2 Ra8a1
40.Bb3d1 Ne5g6
41.Bd1e2 Ra1c1
42.Rd5xb5 Bf6xc3
43.Be1xc3 Rc1xc3
44.Rb5f5 Rc3c2
45.b5 Rc2b2
46.Kf3 f6
47.Ke3 Kf7
48.Be2h5 Rb2xg2
49.Rf5f4 Ke7
50.Bh5xg6 Rg2xg6
51.Kd4 Kd6
52.Rf4xh4 Rg6g5
53.Kc4 Rg5f5
54.Kb4 Rf5f1
55.Rh4d4 Kc7
56.Kc5 f5
57.Rd4h4 Rf1c1
58.Rh4c4 Rc1f1
59.Kd5 Kb6
60.Ke5 Kxb5
61.Rc4f4 Rf1e1
62.Kxf5 Kc5
{ draw }
1/2-1/2

[Event "Tourn. n10212"]
[Site "www.echecsemail.com"]
[Date "2019.10.17"]
[Round "1"]
[White "Reignblowcan"]
[Black "Virgil08bv"]
[WhiteElo "2640"]
[BlackElo "2680"]
[Result "1/2-1/2"]
[Round "1"]
1.e4 d6
2.Nb1c3 Ng8f6
3.f4 c5
4.Ng1f3 Nb8c6
5.Bf1b5 Bc8d7
6.e5 dxe5
7.fxe5 Nf6g4
8.Qd1e2 Qd8b8
9.O-O Ng4xe5
10.d4 Ne5g4
11.d5 Nc6d4
12.Bb5xd7 Kxd7
13.Qe2d2 g6
14.Nc3e4 Bf8g7
15.c3 Nd4xf3
16.gxf3 Ng4f6
17.Qd2e2 Ke8
18.d6 Nf6xe4
19.Qe2b5 Kf8
20.dxe7 Kxe7
21.fxe4 Qb8c8
22.Qb5c4 Qc8e6
23.Qc4xc5 Ke8
24.Bc1g5 Rh8f8
25.Qc5b5 Qe6c6
26.Qb5xc6 bxc6
27.Ra1d1 f6
28.Bg5e3 a5
29.Rd1d6 Ra8c8
30.Be3d4 Rf8f7
31.Kg2 a4
32.Kg3 Rf7d7
33.Rd6xd7 Kxd7
34.Bd4xf6 { draw }
1/2-1/2

[Event "Tourn. n10033"]
[Site "www.echecsemail.com"]
[Date "2019.10.18"]
[Round "1"]
[White "Numanoid"]
[Black "Jaroslavpech"]
[WhiteElo "2740"]
[BlackElo "2580"]
[Result "1/2-1/2"]
[Round "1"]
1.e4 c5
2.Ng1f3 Nb8c6
3.d4 cxd4
4.Nf3xd4 Ng8f6
5.Nb1c3 e5
6.Nd4b5 d6
7.Nc3d5 Nf6xd5
8.exd5 Nc6b8
9.a4 Bf8e7
10.Bf1e2 O-O
11.O-O Nb8d7
12.Bc1d2 Nd7f6
13.Bd2e3 a6
14.Nb5a3 Ra8b8
15.b4 b6
16.Na3c4 Qd8c7
17.a5 bxa5
18.bxa5 Bc8b7
19.Nc4b6 Nf6e4
20.Be2c4 f5
21.Qd1d3 Rf8f7
22.f3 Ne4c5
23.Qd3a3 Nc5d7
24.Nb6xd7 Qc7xd7
25.Qa3d3 Rb8a8
26.Bc4b3 Be7f6
27.Ra1b1 Bf6d8
28.c4 Bd8xa5
29.c5 Qd7d8
30.c6 Bb7c8
31.Bb3c2 Ba5c7
32.Rb1a1 g6
33.Rf1b1 a5
34.Qd3c3 f4
35.Be3f2 g5
36.h3 Rf7g7
37.Bc2e4 h5
38.Kf1 g4
39.hxg4 hxg4
40.Ke2 g3
41.Bf2g1 Rg7g5
42.Kd2 Rg5h5
43.Qc3c2 Kg7
44.Kc3 Kf6
45.Qc2a4 Rh5h1
46.Rb1b5 Bc8a6
47.Rb5b1 Rh1h8
48.Qa4c2 { draw }
1/2-1/2

[Event "Tourn. n10043"]
[Site "www.echecsemail.com"]
[Date "2019.10.18"]
[Round "1"]
[White "Jaroslavpech"]
[Black "Nevaeh"]
[WhiteElo "2600"]
[BlackElo "2349"]
[Result "1-0"]
[Round "1"]
1.e4 e5
2.Ng1f3 Nb8c6
3.Bf1b5 a6
4.Bb5a4 Ng8f6
5.O-O Bf8e7
6.Rf1e1 b5
7.Ba4b3 d6
8.c3 O-O
9.h3 Bc8b7
10.d4 Rf8e8
11.Nb1d2 Be7f8
12.a4 exd4
13.cxd4 h6
14.axb5 axb5
15.Ra1xa8 Bb7xa8
16.Bb3c2 Nc6b4
17.Bc2b1 Ba8b7
18.b3 Qd8a8
19.Qd1e2 Qa8a1
20.Qe2xb5 Bb7c6
21.Qb5e2 Bc6b7
22.Qe2c4 c5
23.dxc5 dxc5
24.Re1e3 g5
25.Qc4b5 Bb7c6
26.Qb5f1 Re8d8
27.Re3e1 Nf6h5
28.Nd2c4 Qa1xb1
29.Bc1xg5 Qb1d3
30.Bg5xd8 Qd3xd8
31.Nf3e5 Nh5f4
32.Ne5xc6 Nb4xc6
33.Kh2 Nc6d4
34.Re1e3 h5
35.g3 Nf4g6
36.h4 Bf8h6
37.f4 Qd8e8
38.e5 Qe8e6
39.Re3d3 Qe6a6
40.Nc4d6 f6
41.Nd6e4 fxe5
42.Ne4xc5 Qa6b5
43.Nc5e4 exf4
44.Qf1d1 fxg3
45.Rd3xg3 Qb5e5
46.Qd1xh5 Qe5xh5
47.Ne4f6 Kf7
48.Nf6xh5 Ng6xh4
49.Rg3g4 Nh4f5
50.Nh5g3 Nf5xg3
51.Rg4xd4 Ng3f5
52.Rd4e4 Bh6e3
53.Kg2  { time }
1-0

[Event "1/32 Finale"]
[Site "www.chess-mail.com"]
[Date "2019.10.18"]
[Round "1"]
[White "Numanoid"]
[Black "Stepanpech"]
[WhiteElo "2770"]
[BlackElo "2570"]
[Result "1/2-1/2"]
[Round "1"]
1.d4 d5
2.c4 e6
3.Nb1c3 Ng8f6
4.cxd5 exd5
5.Bc1g5 c6
6.e3 Bf8e7
7.Qd1c2 O-O
8.Bf1d3 Nb8d7
9.Ng1e2 Rf8e8
10.O-O Nd7f8
11.f3 Bc8e6
12.Ra1e1 Ra8c8
13.Kh1 Nf6d7
14.Bg5xe7 Qd8xe7
15.Ne2f4 Qe7d6
16.Qc2f2 f6
17.Nf4xe6 Nf8xe6
18.f4 Nd7b6
19.Qf2h4 Ne6f8
20.Rf1f3 Qd6b4
21.Re1e2 Nb6c4
22.Rf3h3 h6
23.a3 Qb4b3
24.Bd3c2 Qb3b6
25.g4 Qb6d8
26.Qh4h5 Qd8e7
27.Rh3g3 Qe7f7
28.Qh5h3 Rc8c7
29.Bc2d3 Rc7e7
30.Bd3xc4 dxc4
31.Qh3g2 Nf8e6
32.f5 Ne6c7
33.Qg2f3 Nc7b5
34.Nc3xb5 cxb5
35.e4 Re8d8
36.Qf3e3 a5
37.h4 b4
38.axb4 axb4
39.Kh2 { draw }
1/2-1/2

[Event "Match"]
[Site "www.echecsemail.com"]
[Date "2019.10.19"]
[Round "1"]
[White "Riemis"]
[Black "Calponas"]
[WhiteElo "1949"]
[BlackElo "2050"]
[Result "1-0"]
[Round "1"]
1.e4 c5
2.Ng1f3 d6
3.d4 cxd4
4.Nf3xd4 Ng8f6
5.Nb1c3 a6
6.Bc1e3 e5
7.Nd4b3 Bf8e7
8.Qd1d2 Bc8e6
9.O-O-O Nb8d7
10.f3 Qd8c7
11.g4 h6
12.h4 O-O-O
13.Bf1g2 Nd7c5
14.g5 hxg5
15.hxg5 Nf6d7
16.Nc3d5 Nc5xb3
17.axb3 Be6xd5
18.exd5 Kb8
19.Kb1 Rd8c8
20.c3 g6
21.Rh1h6 Rh8xh6
22.gxh6 Nd7f6
23.Rd1h1 Nf6h7
24.f4 exf4
25.Be3xf4 Qc7d7
26.Qd2d4 Be7f6
27.Qd4b4 Qd7f5
28.Ka2 Bf6e5
29.Rh1f1 f6
30.Bf4e3 Qf5d7
31.Qb4b6 Qd7b5
32.Qb6xb5 axb5
33.Be3f4 Rc8f8
34.Bg2h3 Kc7
35.Ka3 Kb6
36.Kb4 Be5xf4
37.Rf1xf4 f5
38.Bh3f1 Rf8e8
39.Bf1xb5 Re8e2
40.Bb5xe2 { resign }
1-0

[Event "Tourn. n10224"]
[Site "www.echecsemail.com"]
[Date "2019.10.19"]
[Round "1"]
[White "Apdash"]
[Black "Orhany24"]
[WhiteElo "2230"]
[BlackElo "2160"]
[Result "1-0"]
[Round "1"]
1.e4 e5
2.Ng1f3 Nb8c6
3.Bf1b5 a6
4.Bb5xc6 dxc6
5.O-O Bf8d6
6.d4 exd4
7.Nf3xd4 c5
8.Nd4b3 Ng8e7
9.Bc1g5 O-O
10.Qd1e2 f6
11.Bg5h4 Ne7g6
12.Bh4g3 Bc8e6
13.f4 Be6d7
14.Nb1c3 c6
15.Ra1d1 Qd8c7
16.Qe2d2 c4
17.Qd2xd6 Qc7xd6
18.Rd1xd6 cxb3
19.Rd6xd7 bxc2
20.Rf1c1 Ra8d8
21.Rd7xd8 Rf8xd8
22.Rc1xc2 { resign }
1-0

[Event "Match"]
[Site "www.echecsemail.com"]
[Date "2019.10.19"]
[Round "1"]
[White "Dussek"]
[Black "Dorfteich"]
[WhiteElo "1880"]
[BlackElo "1699"]
[Result "0-1"]
[Round "1"]
1.e4 d5
2.d4 dxe4
3.f3 exf3
4.Ng1xf3 Ng8f6
5.Bf1c4 e6
6.Bc1g5 Bf8e7
7.Nb1c3 O-O
8.Qd1d2 c5
9.O-O-O cxd4
10.Nf3xd4 Nb8c6
11.Nd4xc6 bxc6
12.Qd2e3 Qd8b6
13.Qe3f3 Ra8b8
14.Bc4b3 Bc8b7
15.Nc3a4 Qb6b5
16.Bg5e3 c5
17.Qf3g3 c4
18.Na4c3 Qb5b4
19.a3 Qb4a5
20.Bb3xc4 Be7xa3
21.Be3h6 Ba3xb2
22.Kxb2 Nf6h5
23.Qg3g4 Bb7f3
{ resign }
0-1

[Event "Tourn. n10225"]
[Site "www.echecsemail.com"]
[Date "2019.10.19"]
[Round "1"]
[White "Malbertan"]
[Black "Scasan55"]
[WhiteElo "2050"]
[BlackElo "1980"]
[Result "0-1"]
[Round "1"]
1.e4 c5
2.Ng1f3 d6
3.d4 cxd4
4.Qd1xd4 Nb8c6
5.Bf1b5 Bc8d7
6.Bb5xc6 Bd7xc6
7.O-O Ng8f6
8.Nb1c3 e6
9.Bc1g5 Bf8e7
10.Ra1d1 O-O
11.e5 Bc6xf3
12.gxf3 dxe5
13.Qd4xe5 Qd8b6
14.Bg5e3 Qb6c6
15.Nc3e4 Rf8d8
16.c3 Rd8xd1
17.Rf1xd1 h6
18.Ne4xf6 Be7xf6
19.Qe5d6 Qc6xf3
20.Rd1d3 Qf3g4
21.Kf1 Ra8d8
{ resign }
0-1

[Event "Tourn. n10218"]
[Site "www.echecsemail.com"]
[Date "2019.10.19"]
[Round "1"]
[White "Iko"]
[Black "Fabos12"]
[WhiteElo "1830"]
[BlackElo "1670"]
[Result "1-0"]
[Round "1"]
1.e4 e5
2.Ng1f3 Nb8c6
3.Bf1b5 Ng8e7
4.O-O a6
5.Bb5xc6 Ne7xc6
6.Rf1e1 Bf8c5
7.Nb1c3 d6
8.Nc3d5 Bc8e6
9.Nd5c3 O-O
10.d3 h6
11.Nc3a4 Bc5a7
12.Bc1e3 Nc6d4
13.c3 Nd4xf3
14.Qd1xf3 Qd8d7
15.b3  { time }
1-0

[Event "Match"]
[Site "www.echecsemail.com"]
[Date "2019.10.19"]
[Round "1"]
[White "Bojan"]
[Black "Chapi"]
[WhiteElo "2040"]
[BlackElo "2070"]
[Result "1/2-1/2"]
[Round "1"]
1.e4 c5
2.Ng1f3 Nb8c6
3.c3 g6
4.d4 cxd4
5.Nf3xd4 Bf8g7
6.Bc1e3 Ng8f6
7.Nd4xc6 bxc6
8.Be3d4 O-O
9.Bf1d3 a5
10.Qd1f3 Bc8a6
11.Bd3c2 d6
12.Nb1d2 c5
13.Bd4e3 Nf6d7
14.a4 Ra8b8
15.b3 Bg7xc3
16.Ra1c1 Nd7e5
17.Qf3h3 c4
18.Kd1 Bc3xd2
19.Kxd2 cxb3
20.Bc2b1 Ne5c4
21.Ke1 Nc4b2
22.Be3d4 Nb2xa4
23.Rc1c6 Ba6b5
24.Rc6c1 Bb5d7
25.Qh3h6 e5
26.Bd4e3 f6
27.f4 Qd8e7
28.Kf2 Qe7g7
29.Qh6h4 Rf8c8
30.Rh1d1 Rc8xc1
31.Be3xc1 Na4c3
32.Rd1xd6 Nc3xb1
33.fxe5 fxe5
34.Bc1b2 Nb1d2
35.Rd6xd2 a4
36.Bb2a3 Qg7f7
37.Ke1 Qf7f4
38.Qh4xf4 exf4
39.Rd2xd7 b2
40.Ba3xb2 Rb8xb2
41.Rd7a7 Rb2b4
42.e5 Rb4e4
43.Kf2 Re4xe5
44.Ra7xa4 Re5f5
{ draw }
1/2-1/2

[Event "Tourn. n10218"]
[Site "www.echecsemail.com"]
[Date "2019.10.19"]
[Round "1"]
[White "Fabos12"]
[Black "Roma753"]
[WhiteElo "1670"]
[BlackElo "1709"]
[Result "0-1"]
[Round "1"]
1.d4 f5
2.Ng1f3 e6
3.c4 Ng8f6
4.Nb1c3 d6
5.Bc1g5 Bf8e7
6.Bg5xf6 Be7xf6
7.e4 fxe4
8.Nc3xe4 O-O
9.Bf1d3 Nb8c6
10.Bd3e2 Bc8d7
11.Ra1c1 e5
12.d5 Nc6e7
13.Ne4xf6 Rf8xf6
14.O-O Bd7g4
 { time }
0-1

[Event "1/8 Finale"]
[Site "www.chess-mail.com"]
[Date "2019.10.19"]
[Round "1"]
[White "Chessington"]
[Black "Reignblowcan"]
[WhiteElo "2800"]
[BlackElo "2640"]
[Result "1-0"]
[Round "1"]
1.Ng1f3 c5
2.g3 Nb8c6
3.Bf1g2 g6
4.O-O Bf8g7
5.e3 Ng8f6
6.d4 cxd4
7.exd4 d5
8.c3 O-O
9.Nb1d2 Bc8g4
10.h3 Bg4f5
11.a4 Qd8c8
12.g4 Bf5d7
13.Nf3e5 Bd7e6
14.Ne5d3 h5
15.f3 Nf6h7
16.Qd1e1 Rf8e8
17.Nd2b3 hxg4
18.fxg4 f6
19.Qe1g3 Re8d8
20.a5 Nh7f8
21.Bc1d2 b6
22.g5 Be6f7
23.Ra1e1 f5
24.h4 Bf7e8
25.Rf1f2 e6
26.Bg2f3 Qc8d7
27.Rf2e2 Be8f7
28.h5 { resign }
1-0

[Event "1/32 Finale"]
[Site "www.chess-mail.com"]
[Date "2019.10.19"]
[Round "1"]
[White "Fereike"]
[Black "Orhany24"]
[WhiteElo "1540"]
[BlackElo "2110"]
[Result "0-1"]
[Round "1"]
1.e4 e5
2.Ng1f3 Nb8c6
3.Bf1b5 a6
4.Bb5a4 Ng8f6
5.O-O b5
6.Ba4b3 Bf8e7
7.Rf1e1 d6
8.c3 Nc6a5
9.Bb3c2 c5
10.d3 Bc8g4
11.Nb1d2 O-O
12.Nd2f1 Qd8d7
13.Nf1e3 Bg4h5
14.h3 h6
15.Ne3f5 Na5c6
16.Bc1e3 Kh7
17.Nf5g3 Bh5g6
18.d4 Qd7c7
19.d5 Nc6b8
20.Nf3h4 Nb8d7
21.Nh4xg6 fxg6
22.f4 exf4
23.Be3xf4 Nd7e5
24.Bf4xe5 dxe5
25.Qd1e2 Be7d6
26.a4 c4
27.Kh1 Nf6d7
28.axb5 axb5
29.Re1f1 Nd7f6
30.Kh2 Qc7b7
31.Qe2e3 Qb7c7
32.b3 Bd6c5
33.Qe3d2 Qc7b6
34.b4 Bc5e3
35.Qd2e2 Be3f4
36.Ra1xa8 Rf8xa8
{ resign }
0-1

[Event "Eq:Tigers of Istanbul-Night and bishop : "]
[Site "www.chess-mail.com"]
[Date "2019.10.19"]
[Round "1"]
[White "Apdash"]
[Black "Bgm9"]
[WhiteElo "2230"]
[BlackElo "1990"]
[Result "1-0"]
[Round "1"]
1.e4 c5
2.Ng1f3 d6
3.d4 cxd4
4.Nf3xd4 Ng8f6
5.Nb1c3 a6
6.Bc1g5 h6
7.Bg5h4 Nb8d7
8.Bf1c4 b5
9.Bc4d3 g5
10.Bh4g3 Bc8b7
11.O-O e6
12.a4 Qd8b6
13.Nd4b3 b4
14.a5 Qb6c7
15.Nc3a2 Nf6xe4
16.Na2xb4 Ne4xg3
17.fxg3 Bf8g7
18.Qd1h5 Nd7f6
19.Qh5e2 O-O
20.c3 Nf6d5
21.Nb4xa6 Bb7xa6
22.Bd3xa6 Qc7a7
23.Kh1 Qa7xa6
24.c4 Bg7e5
25.Ra1e1 Nd5f6
26.Qe2d3 Qa6a7
27.Re1xe5 Nf6g4
28.Re5e2 Rf8d8
29.Qd3f3 Ng4e5
30.Qf3f6 Kh7
31.c5 Rd8d7
32.cxd6 Ne5g6
33.Re2d2 Ra8b8
34.Rf1f3 Rb8c8
35.h4 g4
36.Rf3f1 Rc8c4
37.h5 Ng6h8
38.Rf1f4 Rc4xf4
39.gxf4 Qa7e3
40.Rd2c2 Qe3e1
41.Kh2 Qe1d1
42.Rc2c8 g3
43.Kxg3 Qd1e1
44.Kh2 { resign }
1-0

[Event "Tourn. n10219"]
[Site "www.echecsemail.com"]
[Date "2019.10.20"]
[Round "1"]
[White "Sae80"]
[Black "D4minance"]
[WhiteElo "2359"]
[BlackElo "2850"]
[Result "1/2-1/2"]
[Round "1"]
1.c4 g6
2.d4 Ng8f6
3.Nb1c3 d5
4.cxd5 Nf6xd5
5.e4 Nd5xc3
6.bxc3 Bf8g7
7.Bf1c4 O-O
8.Ng1e2 c5
9.O-O Nb8c6
10.Bc1e3 e6
11.dxc5 Qd8a5
12.f4 Rf8d8
13.Qd1b3 Bg7f8
14.f5 Bf8xc5
15.Ne2d4 Nc6xd4
16.cxd4 Rd8xd4
17.Be3xd4 Bc5xd4
18.Kh1 Bd4xa1
19.fxe6 Bc8xe6
20.Bc4xe6 fxe6
21.Qb3xe6 Kg7
22.Qe6e7 Kh6
23.Rf1xa1 Qa5b5
24.Ra1e1 { draw }
1/2-1/2

[Event "Tourn. n10183"]
[Site "www.echecsemail.com"]
[Date "2019.10.20"]
[Round "1"]
[White "Seger"]
[Black "Nevaeh"]
[WhiteElo "2820"]
[BlackElo "2830"]
[Result "1-0"]
[Round "1"]
1.d4 Ng8f6
2.c4 e6
3.Ng1f3 d5
4.Nb1c3 c5
5.cxd5 cxd4
6.Qd1xd4 exd5
7.e4 Nb8c6
8.Bf1b5 dxe4
9.Qd4xd8 Kxd8
10.Nf3g5 Bc8e6
11.Ng5xe6 fxe6
12.Bb5xc6 bxc6
13.Bc1g5 Bf8b4
14.O-O-O Kc7
15.Bg5f4 Kb7
16.Bf4e5 Bb4xc3
17.bxc3 Ra8d8
18.Rd1xd8 Rh8xd8
19.Rh1e1 Rd8f8
20.Be5d4 Kc7
21.c4 Kd6
22.Re1d1 Kc7
23.Bd4e5 Kb6
24.Be5d4 c5
25.Bd4e5  { time }
1-0

[Event "Tourn. n10195"]
[Site "www.echecsemail.com"]
[Date "2019.10.20"]
[Round "1"]
[White "Jackbauer"]
[Black "Malbertan"]
[WhiteElo "1930"]
[BlackElo "2050"]
[Result "0-1"]
[Round "1"]
1.e4 Nb8c6
2.f4 d5
3.exd5 Nc6b4
4.Bf1b5 Bc8d7
5.Nb1c3 Bd7xb5
6.d3 c6
7.Nc3xb5 cxb5
8.c4 Qd8a5
9.Kf1 Qa5b6
10.Ng1f3 Ng8f6
11.a3 Nb4a6
12.b3 g6
13.Bc1b2 Bf8g7
14.Bb2d4 Qb6d6
15.g3 O-O
16.Bd4e5 Qd6d7
17.h3 Na6c5
18.b4 Nc5a6
19.Ra1a2 Ra8c8
20.Ra2c2 Na6c7
21.g4 Nc7e8
22.c5 Nf6xd5
23.Qd1d2 Ne8f6
24.Rh1g1 h5
25.Nf3h2 hxg4
26.Be5xf6 Bg7xf6
27.hxg4 Bf6d4
28.Rg1g3 Kg7
29.Nh2f3 Nd5f6
30.Qd2h2 Nf6xg4
31.Qh2e2 Ng4e3
32.Ke1 Ne3xc2
33.Qe2xc2 b6
34.Qc2h2 Qd7e6
35.Kf1 Qe6e3
36.Nf3e1 Qe3xf4
37.Ne1f3 Bd4e5
38.Ke2 Qf4xg3
39.Qh2h1 bxc5
{ resign }
0-1